Survivor 49 Cast - Statistics

General Stats
  • This quiz has been taken 49 times
  • The average score is 17 of 18
Answer Stats
Hint Answer % Correct
Uli Savannah
100%
Uli Nate
98%
Uli Rizo
98%
Uli Sage
98%
Kele Sophi
98%
Hina Sophie
98%
Uli Jawan
95%
Hina MC
95%
Kele Jeremiah
93%
Hina Kristina
93%
Kele Jake
90%
Kele Nicole
90%
Uli Shannon
90%
Hina Steven
90%
Kele Alex
88%
Kele Annie
88%
Hina Jason
85%
Hina Matt
83%
No matching quizzes found
Score Distribution
Percent of People with Each Score
Percentile by Number Answered
Your Score History
You have not taken this quiz